Motorsport drivers nationalities (EASY) - Statistics

General Stats
  • This quiz has been taken 67 times
  • The average score is 9 of 15
Answers on the Map
Answers color-coded by a green-red scale on the quiz's map according to % correct below.
 
Answer Stats
Answer % Correct
Fernando Alonso
88%
Lewis Hamilton
88%
Valteri Bottas
85%
Takaaki Nakagami
81%
Robert Kubica
79%
Liam Lawson
77%
Alexander Albon
62%
Francesco Bagnaia
58%
Jules Gounon
56%
Maro Engel
48%
Ayhancan Güven
44%
Miguel Oliveira
40%
Joshua Mcerlean
38%
Thierry Neuville
38%
Thomas Preining
27%
No matching quizzes found
Score Distribution
Percent of People with Each Score
Percentile by Number Answered
Your Score History
You have not taken this quiz